LEADER 01466nam a2200265 i 4500 001 000000246595 003 CaOOAMICUS 005 20151117000000.0 008 151117s1854 it u000 u ita u 013 $a225500 040 $aSeMil$bita 245 10$aVol. 3. 300 $a1 v. (paginazione varia). 490 0 $aTesoro cattolico. Classe 3., Eloquenza, letteratura e varietā : scelta di opere antiche e moderne atte a sanar le piaghe religiose e politiche che affliggono l'odierna societā ;$v3 773 0 $tAntidoto alle massime empie e sovversive.$dNapoli : A spese della Societā Editrice, 1853-1856.$g3$w()32821 774 0 $tCommonitorio ovvero avvertimenti contro gli eretici di S. Vincenzo Lirinese.$w()325243 774 0 $tFondamenti della fede.$w()325244 774 0 $tPreghiera cattolica considerata in ordine alla civiltā de' popoli.$w()325245 774 0 $tRagione e religione.$w()325246 774 0 $tParole di un credente come le scrisse l'abate F. De Lamennais quando era un credente.$w()325247 774 0 $tFilosofia di religione.$w()325248 830 0$aTesoro cattolico. Classe 3., Eloquenza, letteratura e varietā : scelta di opere antiche e moderne atte a sanar le piaghe religiose e politiche che affliggono l'odierna societā ;$v3.$0(OLS)http://semarc/title/44431 850 $aSeMil 852 $aSeMil$W1$xVenegono$y1$m3H VII 34 FA$j196941$B196941$CSeMilBibl$Z2$F207964 $8I 996 $6245$aVol. 3$9(OLS)http://semarc/title/80712 LEADER 00727nam a2200193 i 4500 001 000000209098 003 CaOOAMICUS 005 20190828151425.0 008 111205s1901 gw u000 u ger u 013 $a187887 040 $aSeMil$bita 100 1 $aSybel, Heinrich : von,$d<1817-1895>.$0(OLS)http://semarc/name/11554 245 10$a5. Band. 300 $aIX, 349 p. 773 0 $aSybel, Heinrich : von, <1817-1895>$tBegründung des Deutschen Reiches durch Wilhelm 1..$bVolksausgabe.$dMünchen ; Berlin : R. Oldenbourg, 1901.$g5$w()25955 850 $aSeMil 852 $aSeMil$W1$xVenegono$y1$m3T III 124$j159552$B159552$CSeMilBibl$Z2$F170610 $81 996 $6245$a5. Band$9(OLS)http://semarc/title/125830